000
00306nam a22001337a 4500
008
170413b xxu||||| |||| 00| 0 eng d
020
_a
9780763783587
041
_a
eng
080
_2
2ND
_a
612.39
100
_a
10
101
_a
SHM
245
_a
NUTRITION IN PUBLIC HEALTH
_c
EDELSTEIN, S
942
_2
udc
_c
BK
999
_c
10704
_d
10704